Obálka Náhled e-knihy:
Epub
Pro půjčování e-knih musíte být přihlášeni.
Jak si půjčit online?

Citová divočina /

Lehce sarkastický příběh o ženách, mužích a pátrání po existenci ideálních partnerů.

Uloženo v:
Hlavní autor: Monyová, Simona, 1967-2011 (Autor)
Médium: E-kniha
Jazyk:Czech
Vydáno: Brno : Belami, 2011
Vydání:Vyd. 1.
Témata:
Tagy:
Žádné tagy
LEADER 01954nam a2200337 a 4500
001 302982
003 CZ PrSKC
005 20260516063243.0
007 ta
008 110124s2011 xr g 000 f cze
015 |a cnb002162419 
020 |a 9788087166086  |q (váz.) :  |c Kč 159,00 
035 |a (OCoLC)724295871 
040 |a OLA001  |b cze 
072 7 |a 821.162.3-3  |x Česká próza  |2 Konspekt 
080 |a 821.162.3-31  |2 MRF 
080 |a (0:82-31)  |2 MRF 
100 1 |a Monyová, Simona,  |d 1967-2011  |7 jn19990218070  |4 aut 
245 1 0 |a Citová divočina /  |c Simona Monyová 
250 |a Vyd. 1. 
260 |a Brno :  |b Belami,  |c 2011 
300 |a 123 s. ;  |c 20 cm 
520 2 |a Lehce sarkastický příběh o ženách, mužích a pátrání po existenci ideálních partnerů. 
520 2 |a Ženy jsou věčně nespokojené. Majitelka svatebního salónu se trápí, protože nemá a nikdy neměla stálého partnera, jejím životem prošlo jen několik lhářů a sukničkářů. Její kolegyně kadeřnice se trápí, protože vztah s dobromyslným manželem začal být nudný. Čtyři nerozlučné kamarádky celý život pátrají po onom vnitřním pocitu trvalého naplnění. Zkoušejí to všemi možnými způsoby. Ale skutečné štěstí je vždy tam, kde ho nehledáme. V případě čtyř dam zmítaných citovou divočinou leží přímo v jejich nitru, mohou je najít, jen pokud pochopí samy sebe. Nakladatelská anotace. Kráceno. 
655 7 |a české romány  |7 fd133974  |2 czenas 
655 9 |a Czech fiction  |2 eczenas 
900 |a ABA001  |b 17 
044 |a xr 
910 |a RBIT002 
998 |d 427089  |a https://core.palmknihy.cz/api/books/427089/cover?tezaux  |b https://core.palmknihy.cz/api/books/427089/cover/400?tezaux  |c https://core.palmknihy.cz/api/books/427089/cover/50?tezaux  |e   |g 128  |i 9788087166086  |j https://core.palmknihy.cz/api/books/427089/preview.epub  |l   |q 49  |r 1  |s https://www.palmknihy.cz/kniha/427089  |t ebook  |y 2026  |z 0 
999 |d 302980